[Event "Girls U14 Polish Youth Championship"]
[Site "chess24.com"]
[Date "2018.05.02"]
[Round "5"]
[White "Szewczyk, Malwina"]
[Black "Pisarek, Elzbieta"]
[Result "0-1"]
[Board "17"]
[WhiteElo "1257"]
[WhiteCountry "POL"]
[WhiteFideId "21801649"]
[WhiteEloChange "-5"]
[BlackElo "1434"]
[BlackCountry "POL"]
[BlackFideId "21826234"]
[BlackEloChange "5"]

1. d4 {[%clk 1:30:56]} Nf6 {[%clk 1:30:54]} 2. Nf3 {[%clk 1:30:49]} c5 {[%clk
1:31:12]} 3. e3 {[%clk 1:30:35]} g6 {[%clk 1:31:29]} 4. Bd3 {[%clk 1:30:46]} Bg7
{[%clk 1:31:14]} 5. O-O {[%clk 1:27:33]} b6 {[%clk 1:29:26]} 6. Nbd2 {[%clk
1:26:22]} Bb7 {[%clk 1:29:08]} 7. b3 {[%clk 1:26:26]} O-O {[%clk 1:28:06]} 8. Bb2
{[%clk 1:24:58]} cxd4 {[%clk 1:27:20]} 9. exd4 {[%clk 1:25:11]} Nh5 {[%clk
1:24:14]} 10. Ng5 {[%clk 1:18:37]} Nf4 {[%clk 1:16:28]} 11. Be4 {[%clk 1:18:29]}
d5 {[%clk 1:15:07]} 12. Bd3 {[%clk 1:13:19]} Nxd3 {[%clk 1:14:52]} 13. cxd3
{[%clk 1:13:36]} Nc6 {[%clk 1:07:16]} 14. Ngf3 {[%clk 1:13:03]} Ba6 {[%clk
1:04:49]} 15. Nb1 {[%clk 1:07:45]} Nb4 {[%clk 1:01:35]} 16. Ne1 {[%clk 1:07:47]}
Qd7 {[%clk 0:58:07]} 17. a3 {[%clk 1:03:58]} Nc6 {[%clk 0:57:17]} 18. Nf3 {[%clk
1:03:50]} Qf5 {[%clk 0:56:04]} 19. Qd2 {[%clk 0:57:23]} Qxd3 {[%clk 0:45:11]} 20.
Qxd3 {[%clk 0:57:46]} Bxd3 {[%clk 0:45:35]} 21. Rd1 {[%clk 0:55:39]} Be2 {[%clk
0:43:44]} 22. Rc1 {[%clk 0:55:23]} Na5 {[%clk 0:42:36]} 23. Rc3 {[%clk 0:55:10]}
Rac8 {[%clk 0:42:06]} 24. Nbd2 {[%clk 0:54:21]} Rxc3 {[%clk 0:38:46]} 25. Bxc3
{[%clk 0:54:25]} Nc6 {[%clk 0:36:06]} 26. a4 {[%clk 0:53:59]} Rc8 {[%clk
0:34:44]} 27. Re1 {[%clk 0:53:54]} Bxf3 {[%clk 0:34:28]} 28. Nxf3 {[%clk
0:54:15]} e6 {[%clk 0:34:23]} 29. h3 {[%clk 0:53:13]} Ne7 {[%clk 0:32:58]} 30.
Bb4 {[%clk 0:43:04]} Nf5 {[%clk 0:32:35]} 31. Rd1 {[%clk 0:42:01]} a5 {[%clk
0:31:50]} 32. Be1 {[%clk 0:41:43]} Rc2 {[%clk 0:31:17]} 33. b4 {[%clk 0:37:53]}
axb4 {[%clk 0:31:05]} 34. Bxb4 {[%clk 0:37:59]} Rc4 {[%clk 0:27:44]} 35. Rb1
{[%clk 0:37:15]} Nxd4 {[%clk 0:27:15]} 36. Nxd4 {[%clk 0:37:29]} Bxd4 {[%clk
0:27:22]} 37. a5 {[%clk 0:37:46]} bxa5 {[%clk 0:27:18]} 38. Bxa5 {[%clk 0:38:08]}
Rc2 {[%clk 0:26:21]} 39. Bb6 {[%clk 0:37:51]} Bxb6 {[%clk 0:26:09]} 40. Rxb6
{[%clk 0:38:07]} Rc1+ {[%clk 0:25:29]} 41. Kh2 {[%clk 0:38:10]} Kg7 {[%clk
0:24:27]} 42. Rd6 {[%clk 0:36:13]} Kf6 {[%clk 0:24:17]} 43. f4 {[%clk 0:33:59]}
Ke7 {[%clk 0:23:48]} 44. Rb6 {[%clk 0:34:02]} Rc7 {[%clk 0:24:10]} 45. g4 {[%clk
0:33:45]} f6 {[%clk 0:22:10]} 46. f5 {[%clk 0:33:03]} gxf5 {[%clk 0:21:30]} 47.
gxf5 {[%clk 0:33:09]} exf5 {[%clk 0:20:40]} 48. Rb4 {[%clk 0:32:51]} Rd7 {[%clk
0:20:43]} 49. Rh4 {[%clk 0:32:58]} Ke6 {[%clk 0:21:00]} 50. Rd4 {[%clk 0:33:17]}
Ke5 {[%clk 0:21:07]} 51. Rd1 {[%clk 0:33:38]} f4 {[%clk 0:20:24]} 52. Kg2 {[%clk
0:31:49]} d4 {[%clk 0:20:19]} 53. Kf3 {[%clk 0:31:39]} d3 {[%clk 0:19:33]} 54. h4
{[%clk 0:31:57]} d2 {[%clk 0:18:57]} 55. h5 {[%clk 0:31:26]} Rd3+ {[%clk
0:18:33]} 56. Kf2 {[%clk 0:31:29]} f3 {[%clk 0:18:31]} 57. h6 {[%clk 0:31:51]}
Kf4 {[%clk 0:18:34]} 58. Kg1 {[%clk 0:32:09]} Ke3 {[%clk 0:18:16]} 59. Kf1 {[%clk
0:31:51]} Rc3 {[%clk 0:17:45]} 60. Kg1 {[%clk 0:31:50]} Rc1 {[%clk 0:18:01]} 0-1

[Event "Girls U14 Polish Youth Championship"]
[Site "chess24.com"]
[Date "2018.05.02"]
[Round "5"]
[White "Bugaj, Hanna"]
[Black "Nowak, Roksana"]
[Result "1-0"]
[Board "18"]
[WhiteElo "1427"]
[WhiteCountry "POL"]
[WhiteFideId "21829870"]
[WhiteEloChange "8"]
[BlackElo "1352"]
[BlackCountry "POL"]
[BlackFideId "21847991"]
[BlackEloChange "-8"]

1. e4 {[%clk 1:30:57]} e5 {[%clk 1:30:51]} 2. Nf3 {[%clk 1:31:20]} Nc6 {[%clk
1:31:09]} 3. Bc4 {[%clk 1:31:39]} Bc5 {[%clk 1:31:34]} 4. c3 {[%clk 1:31:57]} Qe7
{[%clk 1:31:58]} 5. d3 {[%clk 1:32:14]} d6 {[%clk 1:32:15]} 6. Nbd2 {[%clk
1:32:26]} Nf6 {[%clk 1:32:27]} 7. h3 {[%clk 1:31:01]} h6 {[%clk 1:32:15]} 8. Bb3
{[%clk 1:30:21]} O-O {[%clk 1:31:57]} 9. Nf1 {[%clk 1:29:37]} Bd7 {[%clk
1:31:19]} 10. Ng3 {[%clk 1:29:39]} Bb6 {[%clk 1:29:52]} 11. Qe2 {[%clk 1:25:54]}
Kh8 {[%clk 1:26:12]} 12. Nh4 {[%clk 1:23:20]} Nh7 {[%clk 1:22:47]} 13. Nhf5
{[%clk 1:21:06]} Bxf5 {[%clk 1:22:43]} 14. Nxf5 {[%clk 1:21:26]} Qf6 {[%clk
1:22:52]} 15. g4 {[%clk 1:16:41]} Ne7 {[%clk 1:21:19]} 16. h4 {[%clk 1:05:24]}
Kg8 {[%clk 1:18:04]} 17. g5 {[%clk 0:59:06]} hxg5 {[%clk 1:12:51]} 18. hxg5
{[%clk 0:59:26]} Nxg5 {[%clk 1:12:39]} 19. Qh5 {[%clk 0:59:35]} Bxf2+ {[%clk
1:02:58]} 20. Kd1 {[%clk 0:57:49]} g6 {[%clk 1:02:34]} 21. Nxe7+ {[%clk 0:58:09]}
Kg7 {[%clk 1:02:27]} 22. Qh6# {[%clk 0:58:29]} 1-0

[Event "Girls U14 Polish Youth Championship"]
[Site "chess24.com"]
[Date "2018.05.02"]
[Round "5"]
[White "Kulpa, Karolina"]
[Black "Mysliwiec, Natalia"]
[Result "1-0"]
[Board "19"]
[WhiteElo "1288"]
[WhiteCountry "POL"]
[WhiteFideId "21836620"]
[WhiteEloChange "13"]
[BlackElo "1391"]
[BlackCountry "POL"]
[BlackFideId "21831262"]
[BlackEloChange "-13"]

1. d4 {[%clk 1:30:57]} d5 {[%clk 1:30:58]} 2. c4 {[%clk 1:31:17]} c6 {[%clk
1:31:26]} 3. cxd5 {[%clk 1:31:35]} cxd5 {[%clk 1:31:44]} 4. Nc3 {[%clk 1:31:52]}
Nf6 {[%clk 1:31:47]} 5. Bf4 {[%clk 1:31:47]} Bf5 {[%clk 1:30:39]} 6. e3 {[%clk
1:30:24]} a6 {[%clk 1:30:40]} 7. Qb3 {[%clk 1:26:51]} b5 {[%clk 1:19:53]} 8. Nf3
{[%clk 1:20:13]} e6 {[%clk 1:18:05]} 9. a3 {[%clk 1:15:43]} Nc6 {[%clk 1:16:09]}
10. Be2 {[%clk 1:10:50]} Na5 {[%clk 1:15:28]} 11. Qd1 {[%clk 1:10:17]} Nc4 {[%clk
1:14:00]} 12. b3 {[%clk 1:09:35]} Nxa3 {[%clk 1:12:35]} 13. O-O {[%clk 1:05:55]}
Bb4 {[%clk 1:07:33]} 14. Na2 {[%clk 1:00:50]} Be7 {[%clk 1:07:25]} 15. Ne5 {[%clk
0:58:12]} Bc2 {[%clk 1:04:26]} 16. Qc1 {[%clk 0:53:44]} Rc8 {[%clk 1:04:10]} 17.
Qb2 {[%clk 0:51:35]} Bf5 {[%clk 0:52:52]} 18. Rac1 {[%clk 0:46:35]} Nc2 {[%clk
0:52:01]} 19. Bd3 {[%clk 0:44:03]} Ba3 {[%clk 0:51:45]} 20. Qb1 {[%clk 0:41:30]}
Bxc1 {[%clk 0:51:01]} 21. Rxc1 {[%clk 0:40:32]} Na3 {[%clk 0:44:45]} 22. Qb2
{[%clk 0:38:35]} Bxd3 {[%clk 0:43:17]} 23. Nxd3 {[%clk 0:36:41]} Rxc1+ {[%clk
0:43:37]} 24. Qxc1 {[%clk 0:36:28]} Nc4 {[%clk 0:40:45]} 25. bxc4 {[%clk
0:25:05]} dxc4 {[%clk 0:41:03]} 26. Nc5 {[%clk 0:24:27]} Qb6 {[%clk 0:33:54]} 27.
Nb4 {[%clk 0:20:22]} a5 {[%clk 0:33:37]} 28. Nba6 {[%clk 0:19:03]} Nd5 {[%clk
0:33:04]} 29. Bb8 {[%clk 0:15:37]} f5 {[%clk 0:30:46]} 30. Be5 {[%clk 0:12:18]}
Kf7 {[%clk 0:30:00]} 31. f3 {[%clk 0:10:55]} Rc8 {[%clk 0:25:35]} 32. e4 {[%clk
0:08:44]} Nb4 {[%clk 0:23:32]} 33. Qg5 {[%clk 0:04:18]} Rg8 {[%clk 0:20:43]} 34.
exf5 {[%clk 0:01:29]} Nxa6 {[%clk 0:14:39]} 35. fxe6+ {[%clk 0:01:39]} Ke8 {[%clk
0:14:58]} 36. Qh5+ {[%clk 0:01:24]} Kd8 {[%clk 0:14:55]} 37. Qf7 {[%clk 0:01:07]}
Nxc5 {[%clk 0:14:52]} 38. Qxg8+ {[%clk 0:00:40]} Ke7 {[%clk 0:15:19]} 39. Qf7+
{[%clk 0:00:52]} Kd8 {[%clk 0:15:33]} 40. e7+ {[%clk 0:00:43]} Kc8 {[%clk
0:15:00]} 41. e8Q+ {[%clk 0:01:03]} Qd8 {[%clk 0:15:24]} 42. Qxd8+ {[%clk
0:01:12]} Kxd8 {[%clk 0:15:50]} 43. dxc5 {[%clk 0:01:24]} b4 {[%clk 0:16:15]} 44.
c6 {[%clk 0:01:37]} c3 {[%clk 0:16:40]} 45. Qd7# {[%clk 0:02:00]} 1-0

[Event "Girls U14 Polish Youth Championship"]
[Site "chess24.com"]
[Date "2018.05.02"]
[Round "5"]
[White "Cieslak, Jessica"]
[Black "Bychowska, Marta"]
[Result "1-0"]
[Board "20"]
[WhiteElo "1357"]
[WhiteCountry "POL"]
[WhiteFideId "21819521"]
[WhiteEloChange "4"]
[BlackElo "1114"]
[BlackCountry "POL"]
[BlackFideId "21889643"]
[BlackEloChange "-4"]

1. d4 {[%clk 1:30:57]} Nf6 {[%clk 1:30:53]} 2. c4 {[%clk 1:31:08]} g6 {[%clk
1:31:11]} 3. Nc3 {[%clk 1:31:28]} Bg7 {[%clk 1:31:30]} 4. e4 {[%clk 1:31:46]} d6
{[%clk 1:31:51]} 5. Be2 {[%clk 1:32:04]} O-O {[%clk 1:32:04]} 6. Bg5 {[%clk
1:32:26]} Nbd7 {[%clk 1:28:45]} 7. Qd2 {[%clk 1:32:29]} e5 {[%clk 1:22:47]} 8. d5
{[%clk 1:32:18]} a6 {[%clk 1:22:53]} 9. f3 {[%clk 1:32:28]} Qe8 {[%clk 1:20:39]}
10. Nh3 {[%clk 1:31:03]} a5 {[%clk 1:19:14]} 11. Nf2 {[%clk 1:30:44]} Nc5 {[%clk
1:19:12]} 12. g4 {[%clk 1:28:14]} Nfd7 {[%clk 1:18:41]} 13. h4 {[%clk 1:26:44]}
f6 {[%clk 1:14:27]} 14. Be3 {[%clk 1:23:30]} Qe7 {[%clk 1:07:44]} 15. O-O-O
{[%clk 1:14:54]} b6 {[%clk 1:01:59]} 16. Nb5 {[%clk 1:11:49]} Qd8 {[%clk
0:59:45]} 17. Rdg1 {[%clk 1:10:01]} Nb8 {[%clk 0:57:21]} 18. Nd1 {[%clk 1:08:18]}
c6 {[%clk 0:55:58]} 19. dxc6 {[%clk 1:08:33]} Nxc6 {[%clk 0:56:21]} 20. Qxd6
{[%clk 1:08:28]} Qxd6 {[%clk 0:56:37]} 21. Nxd6 {[%clk 1:08:44]} Be6 {[%clk
0:55:10]} 22. Nb5 {[%clk 1:08:38]} Bf7 {[%clk 0:52:48]} 23. Ndc3 {[%clk 1:08:10]}
Rfd8 {[%clk 0:52:06]} 24. Rd1 {[%clk 1:07:41]} Bf8 {[%clk 0:49:45]} 25. Nc7
{[%clk 1:05:27]} Rac8 {[%clk 0:47:05]} 26. N7d5 {[%clk 1:04:20]} Rb8 {[%clk
0:45:22]} 27. Nxf6+ {[%clk 1:03:45]} Kg7 {[%clk 0:45:22]} 28. Nfd5 {[%clk
1:02:08]} Na7 {[%clk 0:43:17]} 29. Bg5 {[%clk 1:00:31]} Rdc8 {[%clk 0:41:40]} 30.
Bf6+ {[%clk 0:58:59]} Kg8 {[%clk 0:41:53]} 31. Bxe5 {[%clk 0:58:59]} Rb7 {[%clk
0:41:35]} 32. Nf6+ {[%clk 0:57:09]} Kg7 {[%clk 0:41:43]} 33. Nd7+ {[%clk
0:57:08]} Kg8 {[%clk 0:41:59]} 34. Nxf8 {[%clk 0:55:07]} Kxf8 {[%clk 0:41:41]}
35. Kb1 {[%clk 0:52:12]} Nd7 {[%clk 0:41:12]} 36. Bd6+ {[%clk 0:51:13]} Kg8
{[%clk 0:41:22]} 37. Nd5 {[%clk 0:50:52]} Bxd5 {[%clk 0:37:00]} 38. cxd5 {[%clk
0:50:55]} b5 {[%clk 0:36:23]} 39. Rc1 {[%clk 0:50:52]} Re8 {[%clk 0:35:49]} 40.
Rc7 {[%clk 0:50:42]} Rxc7 {[%clk 0:36:00]} 41. Bxc7 {[%clk 0:50:48]} a4 {[%clk
0:36:19]} 42. Bd6 {[%clk 0:50:49]} Nc8 {[%clk 0:35:29]} 43. Bxb5 {[%clk 0:49:36]}
Nxd6 {[%clk 0:35:01]} 44. Bxd7 {[%clk 0:49:56]} Ra8 {[%clk 0:35:07]} 45. Rc1
{[%clk 0:50:07]} Ra7 {[%clk 0:35:13]} 46. Be6+ {[%clk 0:50:13]} Kg7 {[%clk
0:35:23]} 47. Rc6 {[%clk 0:49:55]} Nb5 {[%clk 0:35:27]} 48. Rc4 {[%clk 0:48:56]}
Nd6 {[%clk 0:35:40]} 49. Rc1 {[%clk 0:48:58]} Nb5 {[%clk 0:35:55]} 50. Rd1 {[%clk
0:49:00]} Nd6 {[%clk 0:36:07]} 51. e5 {[%clk 0:48:40]} Nb7 {[%clk 0:35:49]} 52.
d6 {[%clk 0:48:57]} Nd8 {[%clk 0:36:06]} 53. Bc4 {[%clk 0:49:07]} 1-0

[Event "Girls U14 Polish Youth Championship"]
[Site "chess24.com"]
[Date "2018.05.02"]
[Round "5"]
[White "Jedrzejko, Martyna"]
[Black "Franek, Diana"]
[Result "1-0"]
[Board "21"]
[WhiteElo "1482"]
[WhiteCountry "POL"]
[WhiteFideId "21820422"]
[WhiteEloChange "3"]
[BlackElo "1190"]
[BlackCountry "POL"]
[BlackFideId "21856516"]
[BlackEloChange "-3"]

1. e4 {[%clk 1:30:57]} e5 {[%clk 1:30:53]} 2. Nf3 {[%clk 1:31:16]} Nc6 {[%clk
1:31:12]} 3. Bc4 {[%clk 1:31:33]} Bc5 {[%clk 1:31:09]} 4. O-O {[%clk 1:31:08]}
Nf6 {[%clk 1:31:04]} 5. d3 {[%clk 1:31:27]} d6 {[%clk 1:30:23]} 6. c3 {[%clk
1:31:14]} Bg4 {[%clk 1:25:45]} 7. Nbd2 {[%clk 1:30:48]} d5 {[%clk 1:23:02]} 8.
exd5 {[%clk 1:30:42]} Nxd5 {[%clk 1:23:15]} 9. Qb3 {[%clk 1:30:41]} Be6 {[%clk
1:10:59]} 10. Qxb7 {[%clk 1:29:07]} Nde7 {[%clk 1:09:23]} 11. Bxe6 {[%clk
1:23:55]} fxe6 {[%clk 1:09:37]} 12. Qb5 {[%clk 1:21:04]} Bd6 {[%clk 1:08:39]} 13.
Ng5 {[%clk 1:16:19]} Qd7 {[%clk 1:07:35]} 14. Qc4 {[%clk 1:09:54]} Nd8 {[%clk
1:03:49]} 15. Nde4 {[%clk 1:04:34]} h6 {[%clk 1:02:39]} 16. Nf3 {[%clk 1:04:14]}
Nb7 {[%clk 1:00:09]} 17. b4 {[%clk 0:59:00]} a5 {[%clk 0:58:16]} 18. Bd2 {[%clk
0:55:49]} a4 {[%clk 0:55:24]} 19. a3 {[%clk 0:55:56]} Nd5 {[%clk 0:47:56]} 20.
Qa2 {[%clk 0:52:37]} O-O {[%clk 0:37:34]} 21. Rac1 {[%clk 0:47:40]} Nf4 {[%clk
0:34:30]} 22. Bxf4 {[%clk 0:44:46]} exf4 {[%clk 0:32:02]} 23. c4 {[%clk 0:42:07]}
c5 {[%clk 0:31:18]} 24. bxc5 {[%clk 0:37:40]} Nxc5 {[%clk 0:29:19]} 25. Nxc5
{[%clk 0:28:48]} Bxc5 {[%clk 0:29:26]} 26. Rfd1 {[%clk 0:27:34]} Rfd8 {[%clk
0:25:48]} 27. d4 {[%clk 0:25:43]} g5 {[%clk 0:23:50]} 28. h3 {[%clk 0:24:04]} Bd6
{[%clk 0:21:56]} 29. c5 {[%clk 0:23:02]} Bc7 {[%clk 0:21:55]} 30. Qc2 {[%clk
0:18:32]} Qg7 {[%clk 0:19:48]} 31. Qe4 {[%clk 0:16:41]} Re8 {[%clk 0:15:32]} 32.
Re1 {[%clk 0:14:00]} Qf7 {[%clk 0:15:29]} 33. Rb1 {[%clk 0:13:05]} Rab8 {[%clk
0:15:19]} 34. Qc6 {[%clk 0:12:12]} Rxb1 {[%clk 0:10:43]} 35. Rxb1 {[%clk
0:12:35]} Re7 {[%clk 0:10:11]} 36. Qxa4 {[%clk 0:12:29]} e5 {[%clk 0:10:03]} 37.
dxe5 {[%clk 0:10:28]} Bxe5 {[%clk 0:10:25]} 38. Nxe5 {[%clk 0:10:24]} Rxe5 {[%clk
0:10:51]} 39. c6 {[%clk 0:09:33]} Rc5 {[%clk 0:10:05]} 40. Qa8+ {[%clk 0:09:35]}
Qf8 {[%clk 0:08:48]} 41. Rb8 {[%clk 0:09:32]} 1-0

[Event "Girls U14 Polish Youth Championship"]
[Site "chess24.com"]
[Date "2018.05.02"]
[Round "5"]
[White "Anyz, Monika"]
[Black "Kaznowska, Weronika"]
[Result "1-0"]
[Board "22"]
[WhiteElo "1349"]
[WhiteCountry "POL"]
[WhiteFideId "21816530"]
[WhiteEloChange "4"]
[BlackElo "1131"]
[BlackCountry "POL"]
[BlackFideId "21816719"]
[BlackEloChange "-4"]

1. e4 {[%clk 1:30:54]} c5 {[%clk 1:30:55]} 2. Nf3 {[%clk 1:31:16]} e6 {[%clk
1:31:20]} 3. d4 {[%clk 1:31:15]} cxd4 {[%clk 1:31:43]} 4. Nxd4 {[%clk 1:31:35]}
a6 {[%clk 1:32:05]} 5. Nc3 {[%clk 1:31:04]} Qc7 {[%clk 1:31:39]} 6. Bd3 {[%clk
1:30:15]} Nf6 {[%clk 1:30:41]} 7. O-O {[%clk 1:29:14]} Be7 {[%clk 1:30:00]} 8.
Re1 {[%clk 1:27:12]} d6 {[%clk 1:29:45]} 9. Bg5 {[%clk 1:23:55]} Nbd7 {[%clk
1:29:05]} 10. Kh1 {[%clk 1:14:13]} Qb6 {[%clk 1:26:14]} 11. Be3 {[%clk 0:56:31]}
Qxb2 {[%clk 1:22:17]} 12. Qd2 {[%clk 0:41:09]} Nc5 {[%clk 1:14:55]} 13. a4 {[%clk
0:39:02]} Qb6 {[%clk 1:13:49]} 14. Nf3 {[%clk 0:34:53]} Qc7 {[%clk 1:11:14]} 15.
Bxc5 {[%clk 0:25:48]} Qxc5 {[%clk 1:09:34]} 16. e5 {[%clk 0:24:59]} Nd5 {[%clk
1:07:25]} 17. Ne4 {[%clk 0:23:53]} Qc7 {[%clk 1:06:27]} 18. exd6 {[%clk 0:21:09]}
Bxd6 {[%clk 1:06:08]} 19. Nxd6+ {[%clk 0:21:27]} Qxd6 {[%clk 1:06:17]} 20. Be4
{[%clk 0:21:39]} Qb4 {[%clk 1:05:27]} 21. Bxd5 {[%clk 0:19:49]} Qxd2 {[%clk
1:05:53]} 22. Nxd2 {[%clk 0:20:03]} O-O {[%clk 1:06:21]} 23. Bb3 {[%clk 0:20:15]}
Rd8 {[%clk 1:06:44]} 24. Nf3 {[%clk 0:20:34]} b6 {[%clk 1:06:39]} 25. Red1 {[%clk
0:20:48]} Bb7 {[%clk 1:06:52]} 26. Ne5 {[%clk 0:20:38]} Rdc8 {[%clk 1:05:50]} 27.
Rac1 {[%clk 0:19:39]} Rc7 {[%clk 1:05:45]} 28. Rd6 {[%clk 0:18:53]} b5 {[%clk
1:05:49]} 29. Rcd1 {[%clk 0:19:08]} h6 {[%clk 1:06:02]} 30. axb5 {[%clk 0:19:02]}
axb5 {[%clk 1:06:24]} 31. Rd7 {[%clk 0:18:41]} Rxd7 {[%clk 1:06:32]} 32. Nxd7
{[%clk 0:18:57]} Rd8 {[%clk 1:06:43]} 33. Nf6+ {[%clk 0:19:18]} gxf6 {[%clk
1:07:06]} 34. Rxd8+ {[%clk 0:19:41]} Kg7 {[%clk 1:07:33]} 35. Kg1 {[%clk
0:19:58]} Be4 {[%clk 1:07:54]} 36. f3 {[%clk 0:20:18]} Bc6 {[%clk 1:08:16]} 37.
Rd6 {[%clk 0:20:31]} Be8 {[%clk 1:08:40]} 38. Rb6 {[%clk 0:20:50]} Kf8 {[%clk
1:09:02]} 39. c3 {[%clk 0:21:14]} Bd7 {[%clk 1:09:23]} 40. Bc2 {[%clk 0:21:38]}
f5 {[%clk 1:09:39]} 41. Bd3 {[%clk 0:22:03]} Ke7 {[%clk 1:10:05]} 42. Bxb5 {[%clk
0:22:11]} Bxb5 {[%clk 1:10:33]} 43. Rxb5 {[%clk 0:22:30]} Kd6 {[%clk 1:10:59]}
44. c4 {[%clk 0:22:51]} f6 {[%clk 1:11:22]} 45. Kf2 {[%clk 0:23:18]} e5 {[%clk
1:11:40]} 46. Ke3 {[%clk 0:23:41]} h5 {[%clk 1:12:02]} 47. g3 {[%clk 0:24:01]}
Ke6 {[%clk 1:12:26]} 48. Rd5 {[%clk 0:24:19]} Ke7 {[%clk 1:12:51]} 49. Rd3 {[%clk
0:24:38]} Ke6 {[%clk 1:13:14]} 50. c5 {[%clk 0:24:56]} Ke7 {[%clk 1:13:43]} 51.
c6 {[%clk 0:25:15]} Ke8 {[%clk 1:14:08]} 52. c7 {[%clk 0:25:41]} Ke7 {[%clk
1:14:32]} 53. c8Q {[%clk 0:25:58]} Kf7 {[%clk 1:15:00]} 54. Rd7+ {[%clk 0:26:11]}
Kg6 {[%clk 1:15:26]} 55. Qg8+ {[%clk 0:26:27]} Kh6 {[%clk 1:15:45]} 56. Rh7#
{[%clk 0:26:50]} 1-0

[Event "Girls U14 Polish Youth Championship"]
[Site "chess24.com"]
[Date "2018.05.02"]
[Round "5"]
[White "Retz, Agnieszka"]
[Black "Hals, Emilia"]
[Result "0-1"]
[Board "23"]
[WhiteElo "1172"]
[WhiteCountry "POL"]
[WhiteFideId "21819408"]
[WhiteEloChange "-6"]
[BlackElo "1335"]
[BlackCountry "POL"]
[BlackFideId "21816603"]
[BlackEloChange "6"]

1. e4 {[%clk 1:30:57]} c6 {[%clk 1:30:54]} 2. Nf3 {[%clk 1:31:21]} d5 {[%clk
1:31:19]} 3. Nc3 {[%clk 1:31:40]} d4 {[%clk 1:31:39]} 4. Nb1 {[%clk 1:23:53]} c5
{[%clk 1:30:07]} 5. d3 {[%clk 1:23:46]} Nc6 {[%clk 1:29:42]} 6. c3 {[%clk
1:23:26]} dxc3 {[%clk 1:27:04]} 7. Nxc3 {[%clk 1:22:54]} e5 {[%clk 1:25:00]} 8.
Be2 {[%clk 1:21:48]} Be6 {[%clk 1:20:11]} 9. O-O {[%clk 1:20:34]} h6 {[%clk
1:16:32]} 10. Be3 {[%clk 1:14:53]} Nf6 {[%clk 1:16:21]} 11. h3 {[%clk 1:15:12]}
a6 {[%clk 1:15:01]} 12. a3 {[%clk 1:12:06]} Bd6 {[%clk 1:15:08]} 13. Na4 {[%clk
1:11:45]} Nd4 {[%clk 1:11:43]} 14. Rc1 {[%clk 1:07:02]} Bb3 {[%clk 1:10:48]} 15.
Qd2 {[%clk 1:04:47]} Bxa4 {[%clk 1:10:43]} 16. Bd1 {[%clk 1:03:41]} Bxd1 {[%clk
1:09:31]} 17. Qxd1 {[%clk 1:03:56]} O-O {[%clk 1:01:32]} 18. Nh4 {[%clk 1:00:41]}
Nxe4 {[%clk 0:54:50]} 19. dxe4 {[%clk 0:59:53]} Qxh4 {[%clk 0:55:09]} 20. Bxd4
{[%clk 1:00:15]} cxd4 {[%clk 0:55:12]} 21. Qd3 {[%clk 0:58:53]} Rac8 {[%clk
0:54:11]} 22. Rfe1 {[%clk 0:57:53]} Qf4 {[%clk 0:54:08]} 23. Qd1 {[%clk 0:50:01]}
Rxc1 {[%clk 0:53:50]} 24. Qxc1 {[%clk 0:50:21]} Qxc1 {[%clk 0:53:48]} 25. Rxc1
{[%clk 0:50:44]} b6 {[%clk 0:54:05]} 26. Kf1 {[%clk 0:50:32]} f6 {[%clk 0:51:48]}
27. Ke2 {[%clk 0:50:40]} Kf7 {[%clk 0:52:10]} 28. f3 {[%clk 0:50:33]} Ke7 {[%clk
0:51:39]} 29. g4 {[%clk 0:50:29]} Kd7 {[%clk 0:50:46]} 30. h4 {[%clk 0:50:37]}
Rc8 {[%clk 0:50:00]} 31. Rxc8 {[%clk 0:50:27]} Kxc8 {[%clk 0:50:09]} 32. h5
{[%clk 0:50:30]} Kc7 {[%clk 0:50:12]} 33. Kd3 {[%clk 0:50:16]} Kc6 {[%clk
0:50:23]} 34. Kc4 {[%clk 0:50:10]} b5+ {[%clk 0:50:32]} 35. Kd3 {[%clk 0:50:26]}
Bxa3 {[%clk 0:45:46]} 36. bxa3 {[%clk 0:50:44]} Kc5 {[%clk 0:46:07]} 37. Kd2
{[%clk 0:50:50]} b4 {[%clk 0:45:56]} 38. axb4+ {[%clk 0:50:37]} Kxb4 {[%clk
0:45:58]} 39. Kc2 {[%clk 0:50:58]} a5 {[%clk 0:46:14]} 40. Kb2 {[%clk 0:51:12]}
a4 {[%clk 0:46:37]} 41. Kc2 {[%clk 0:50:23]} a3 {[%clk 0:46:56]} 42. Kb1 {[%clk
0:50:45]} d3 {[%clk 0:47:16]} 43. Kc1 {[%clk 0:50:56]} a2 {[%clk 0:47:31]} 44.
Kd2 {[%clk 0:51:19]} a1Q {[%clk 0:47:43]} 45. Kxd3 {[%clk 0:51:45]} Qd4+ {[%clk
0:47:50]} 46. Ke2 {[%clk 0:52:02]} Kc3 {[%clk 0:47:53]} 47. Kf1 {[%clk 0:51:38]}
Qd2 {[%clk 0:48:14]} 48. Kg1 {[%clk 0:51:47]} Kd3 {[%clk 0:48:29]} 49. Kh1 {[%clk
0:52:00]} Ke3 {[%clk 0:48:53]} 50. g5 {[%clk 0:52:12]} Kxf3 {[%clk 0:48:59]} 51.
gxh6 {[%clk 0:52:33]} Qg2# {[%clk 0:49:17]} 0-1